000 00473nam a22001697a 4500
003 OSt
005 20260126030554.0
008 260126b |||||||| |||| 00| 0 eng d
020 _a978-0-545-15295-2
040 _aDWCL - Main lib
_cOC
082 _aFic. P235 2010
100 _aPark, Linda Sue
245 _aThe 39 clues 9 :
_bstorm warning /
_cLinda Sue Park
260 _aNew York :
_bScholastic Inc.,
_cc2010.
300 _a189 p. :
_c20 cm.
942 _2ddc
_cFIC.
_mFic.
_n0
999 _c7777
_d7777